000 00711nam a2200193Ia 4500
003 GCL
008 140319s9999 xx 000 0 ara d
040 _aGCL /
_cGCL
082 0 4 _a005.1
_bز ج
100 1 _aزياد عبدالكريم القاضى
245 1 0 _aجافا وبرمجة الكيانات الموجهة /
_cزياد عبدالكريم القاضى
250 _aالاولى
260 _aالاردن :
_bمكتبة المجتمع العربى للنشر والتوزيع ،
_c2005
300 _a502 ص ؛
_c24 سم
650 0 4 _aالحاسبات الالكترونية - برامج
650 0 4 _aالحاسبات الالكترونية - لغات
650 0 4 _aجافا
942 _2ddc
_cBK
999 _c8458
_d8458